Online
Catalog

Del areito de Anacaona al poema folklórico ; (Record no. 31930)

MARC details
000 -CABECERA
campo de control de longitud fija 01020nam a2200265 a 4500
001 - NÚMERO DE CONTROL
campo de control 000032439
003 - IDENTIFICADOR DEL NÚMERO DE CONTROL
campo de control OSt
005 - FECHA Y HORA DE LA ÚLTIMA TRANSACCIÓN
campo de control 20201023123728.0
008 - DATOS DE LONGITUD FIJA--INFORMACIÓN GENERAL
campo de control de longitud fija 110718s1942 dr r 000 0 spa d
040 ## - FUENTE DE LA CATALOGACIÓN
Centro catalogador/agencia de origen DO-SdBNP
Lengua de catalogación spa
Centro/agencia transcriptor BNPHU
082 74 - NÚMERO DE LA CLASIFICACIÓN DECIMAL DEWEY
Número de clasificación 782.42163
Número de documento/Ítem M316a
Número de edición 22
100 1# - ENTRADA PRINCIPAL--NOMBRE DE PERSONA
Nombre de persona Marchena, Enrique de
9 (RLIN) 58399
245 10 - MENCIÓN DE TÍTULO
Título Del areito de Anacaona al poema folklórico ;
Resto del título Brindis de salas en Santo Domingo /
Mención de responsabilidad, etc. Enrique de Marchena.
260 ## - PUBLICACIÓN, DISTRIBUCIÓN, ETC.
Lugar de publicación, distribución, etc. Ciudad Trujillo, República Dominicana :
Nombre del editor, distribuidor, etc. Montalvo,
Fecha de publicación, distribución, etc. 1942.
300 ## - DESCRIPCIÓN FÍSICA
Extensión 95 p. ;
Dimensiones 22 cm.
501 ## - NOTA DE "CON"
Nota de “Con” Publicada con : Brindis de salas en Santo Domingo
581 ## - NOTA DE PUBLICACIONES SOBRE LOS MATERIALES DESCRITOS
Nota de publicaciones sobre los materiales descritos Dos obras publicadas juntas con paginación continua
590 ## - NOTA LOCAL (RLIN)
Nota local Inventariado, 2018/ YL
600 14 - PUNTO DE ACCESO ADICIONAL DE MATERIA--NOMBRE DE PERSONA
Nombre de persona ANACAONA,
Fechas asociadas al nombre 1504
Subdivisión general CANCIONES Y MÚSICA
9 (RLIN) 58400
600 14 - PUNTO DE ACCESO ADICIONAL DE MATERIA--NOMBRE DE PERSONA
Nombre de persona BRINDIS DE SALAS, CLAUDIO JOSÉ DOMINGO,
Fechas asociadas al nombre 1852-1911
9 (RLIN) 58401
650 #4 - PUNTO DE ACCESO ADICIONAL DE MATERIA--TÉRMINO DE MATERIA
Término de materia o nombre geográfico como elemento de entrada Música popular dominicana
9 (RLIN) 2541
700 1# - PUNTO DE ACCESO ADICIONAL--NOMBRE DE PERSONA
Nombre de persona Marchena, Enrique de,
Título de la obra Brindis de salas en Santo Domingo
9 (RLIN) 58402
910 ## - DATOS DE OPCIÓN DEL USUARIO (OCLC)
Datos de opción del usuario Validado, 2018/MFF
942 ## - ELEMENTOS DE PUNTO DE ACCESO ADICIONAL (KOHA)
Fuente del sistema de clasificación o colocación Dewey Decimal Classification
Tipo de ítem Koha Libro
Holdings
Estado de retiro Estado de pérdida Fuente del sistema de clasificación o colocación No para préstamo Código de colección Localización permanente Ubicación/localización actual Ubicación en estantería Fecha de adquisición Número de inventario Total de préstamos Signatura topográfica completa Código de barras Fecha visto por última vez Número de copia Precio válido a partir de Tipo de ítem Koha Nota pública
    Dewey Decimal Classification Excluido de préstamo Raros y valiosos Patrimonio Dominicano Patrimonio Dominicano Depósito 20.07.2011 LF1   BNPHU PD-RV 782.42163 M316a 32439-20 25.06.2020 e.2 25.06.2020 No se presta Perteneció a la biblioteca personal de Martínez Boog.
    Dewey Decimal Classification Excluido de préstamo Raros y valiosos Patrimonio Dominicano Patrimonio Dominicano Depósito 18.07.2011 LF1   BNPHU PD-RV 782.42163 M316a 32439-10 25.06.2020   25.06.2020 No se presta Perteneció a la biblioteca personal de Carlos Larrazabal Blanco

Powered by Koha